| 000 | 00797nam a2200229Ia 4500 | ||
|---|---|---|---|
| 003 | GCL | ||
| 008 | 140319s9999 xx 000 0 ara d | ||
| 040 |
_aGCL / _cGCL |
||
| 082 | 0 | 4 |
_a953 _bس م |
| 100 | 1 | _aسعيد عبدالفتاح عاشور | |
| 245 | 1 | 0 |
_aالمدنية الاسلامية واثرها فى الحضارة الاوربية / _cسعيد عبدالفتاح عاشور |
| 260 |
_a[S.N] : _bمكتبة الانجلوالمصرية ، _c1982 |
||
| 300 | _a224 ص | ||
| 490 | _a | ||
| 650 | 0 | 4 | _aالاسلام والحضارة |
| 650 | 0 | 4 | _aالاسلام |
| 650 | 0 | 4 | _aالاسلام والعلم |
| 650 | 0 | 4 | _aالحضارة الاوربية |
| 650 | 0 | 4 | _aالحضارة الاسلامية |
| 650 | 0 | 4 | _aحركات الاصلاح والتجديد |
| 942 |
_2ddc _cBK |
||
| 999 |
_c31784 _d31784 |
||